Wird geladen...

Loss measurements in optical fibers using OTDR

Bibliographische Detailangaben
1. Verfasser: Sreelekha.J and Deepthi Mithra V.S
Veröffentlicht: Department of Physics, University of Kerala 2000
Schlagworte:
LEADER 00556nam a2200193 4500
020
082 |a THE-MSc00 262 
100 |a Sreelekha.J and Deepthi Mithra V.S 
245 |a Loss measurements in optical fibers using OTDR 
250
260 |a Department of Physics, University of Kerala  |c 2000 
300
490
500
590
650 |a Dr.V.Unnikrishnan Nayar 
942 |c THESIS 
999 |c 86885  |d 86885 
952 |0 0  |1 0  |4 0  |6 THE_MSC00_262_000000000000000  |7 0  |9 100353  |a PHY  |b PHY  |l 0  |o THE-MSc00 262  |p PHYxx261  |r 2019-09-24  |w 2019-09-24  |y THESIS